000 00464nam a2200181Ia 4500
008 151213s9999 xx 000 0 und d
020 _a978-0-393-96594-0
082 _a823.5
_b823.5
100 _aHerry Fielding
245 _aTom Jones
_cHerry Fielding
250 _a2nd
260 _aNew York
_bW.W. Norton & Company
_c1995
300 _a10639 p.
650 _aEnglish Literature
650 _aEnglish Literature
700 _aHerry Fielding
999 _c4869
_d4869